000 00780nam a2200229Ia 4500
001 15530
003 GE_BSU
008 181216s||||||||xx |||||||||||||| ||und||
040 _cGE_BSU
080 _a821.353.1-4
100 _aჩიქოვანი,გრიგოლ
245 _aადამიანი მიდის წინ
245 _bნარკვევები
245 _cრედ.ბ.მირცხულავა. მხატვ.ირ.ჯანაშვილი
260 _aთბილისი
260 _bსაბჭოთა საქართველო
260 _c1964
300 _a179გვ.21სმ.
653 _aადამიანი მიდის წინ
653 _aნარკვევები
942 _cBK
999 _c48630
_d48630